Digital circuits and logic design / (Record no. 67888)
[ view plain ]
| 000 -LEADER | |
|---|---|
| fixed length control field | 00810nam a2200265 a 4500 |
| 001 - CONTROL NUMBER | |
| control field | 67888 |
| 003 - CONTROL NUMBER IDENTIFIER | |
| rucl marc code | BD-RjUL |
| 005 - DATE AND TIME OF LATEST TRANSACTION | |
| control field | 20211209081714.0 |
| 008 - FIXED-LENGTH DATA ELEMENTS--GENERAL INFORMATION | |
| fixed length control field | 760223s1976 njua b 001 0 eng |
| 020 ## - INTERNATIONAL STANDARD BOOK NUMBER | |
| International Standard Book Number | 0876921497 |
| 035 ## - SYSTEM CONTROL NUMBER | |
| System control number | (BD-RjUL)68097 |
| 040 ## - CATALOGING SOURCE | |
| Original cataloging agency | DLC |
| Transcribing agency | DLC |
| Modifying agency | m.c. |
| -- | MYG |
| Language of cataloging | eng |
| 041 ## - LANGUAGE CODE | |
| Language code of text/sound track or separate title | eng |
| 082 ## - DEWEY DECIMAL CLASSIFICATION NUMBER | |
| Edition number | 23 |
| Classification number | 621.38195835 |
| Author mark and year | LED 1981 |
| 099 ## - LOCAL FREE-TEXT CALL NUMBER (OCLC) | |
| Bangla Class number | TK7868.D5.L4 |
| 100 1# - MAIN ENTRY--PERSONAL NAME | |
| Personal name | Lee, Samuel C., |
| Dates associated with a name | 1937- |
| 9 (RLIN) | 201247 |
| 245 10 - TITLE STATEMENT | |
| Title | Digital circuits and logic design / |
| Statement of responsibility, etc. | Samuel C. Lee. |
| 260 ## - PUBLICATION, DISTRIBUTION, ETC. (IMPRINT) | |
| Place of publication, distribution, etc. | Englewood Cliffs, N.J. : |
| Name of publisher, distributor, etc. | Prentice-Hall, |
| Date of publication, distribution, etc. | c1976 [printing 1981] |
| 300 ## - PHYSICAL DESCRIPTION | |
| Pagination | xii, 594 p. : |
| Illustrations | ill. ; |
| Size | 24 cm. |
| 504 ## - BIBLIOGRAPHY, ETC. NOTE | |
| Bibliography, etc | Includes bibliographies and index. |
| 650 #0 - SUBJECT ADDED ENTRY--TOPICAL TERM | |
| Topical term or geographic name as entry element | Digital electronics. |
| 9 (RLIN) | 201248 |
| Topical term or geographic name as entry element | Logic design. |
| 9 (RLIN) | 166547 |
| Topical term or geographic name as entry element | Integrated circuits. |
| 9 (RLIN) | 201249 |
| 942 ## - ADDED ENTRY ELEMENTS (KOHA) | |
| Source of classification or shelving scheme | Dewey Decimal Classification |
| Koha item type | Books |
| Lost status | Source of classification or shelving scheme | Damaged status | Not for loan | Collection code | Permanent Location | Current Location | Shelving location | Date acquired | Source of acquisition | Cost, normal purchase price | Total Checkouts | Full call number | Date last seen | Copy number | Koha item type | Date checked out |
|---|---|---|---|---|---|---|---|---|---|---|---|---|---|---|---|---|
| Dewey Decimal Classification | Not For Loan | Non-fiction | Central Library, University of Rajshahi | Central Library, University of Rajshahi | Reading Room | 23/07/1982 | Angkur Prokashan, Dhaka | 77.00 | 621.38195835 LED 1981 | 29/03/2017 | C-1 | Books | ||||
| Dewey Decimal Classification | Non-fiction | Central Library, University of Rajshahi | Central Library, University of Rajshahi | 17/07/1983 | Aligarh library,Rajshahi | 117.00 | 1 | 621.38195835 LED 1981 | 23/02/2020 | C-2 | Books | 10/02/2020 | ||||
| Dewey Decimal Classification | Non-fiction | Central Library, University of Rajshahi | Central Library, University of Rajshahi | 26/07/1982 | Aligarh library,Rajshahi | 117.00 | 621.38195835 LED 1981 | 28/01/2019 | C-3 | Books |